000 00661nam a22002297a 4500
003 UA-OsUOA
001 51735
007 ta
008 20141009b un ||||| |||| 00| 0 ukr d
090 _a94(477).12/030
_bР91
942 _cBK
040 _aUA-OsUOA
_bukr
_cUA-OsUOA
_dUA-OsUOA
245 _aРух Опору в Україні 1960-1990. Енциклопедичний довідник
300 _a896 с. + 64 іл. с.
955 _a1
041 _aukr
080 _a94(477).12/030
260 _aК.
_bСмолоскип
_c2012
250 _n2-ге вид.
650 7 _a9 Географія. Біографії. Історія
_2UDC
999 _c431855
_d431855